000
00281nam a2200121Ia 4500
005
20251222141852.0
008
251222s9999||||xx |||||||||||||| ||spa||
082
_a
869.569/E84
100
_a
Espejo Asturrizaga, Juan
245
0
_a
César Vallejo:
264
_b
Seglusa
942
_c
LIB
999
_c
7766
_d
7766